[Event "London Classic FIDE Open"]
[Site "London ENG"]
[Date "2011.12.03"]
[Round "1"]
[White "Perez, Flavio"]
[Black "Cohen, Ronnie"]
[Result "1-0"]
[WhiteElo "2245"]
[BlackElo "1930"]
[WhiteFideId "623911"]
[BlackFideId "412082"]
[EventDate "2011.12.03"]

1. Nf3 f5 2. b3 Nf6 3. Bb2 e6 4. e3 Be7 5. c4 b6 6. Nc3 Bb7 7. d4 O-O 8. Bd3 Ne4
9. O-O d6 10. Ne2 Bf6 11. Ne1 Nd7 12. Qc2 c5 13. Nf4 Qe8 14. f3 Ng5 15. h4 Nf7
16. g3 g6 17. Neg2 Rc8 18. d5 exd5 19. cxd5 Bxb2 20. Qxb2 Qe5 21. Qd2 Nf6 22.
Rad1 Rfe8 23. Bc4 Nd7 24. Qf2 Re7 25. Ne6 a6 26. a4 b5 27. axb5 axb5 28. f4 Qf6
29. Bxb5 Bxd5 30. Rxd5 Qxe6 31. Rfd1 Nf6 32. R5d3 Ne4 33. Qe2 Qf6 34. Bc4 Kg7
35. Ne1 Rcc7 36. Qg2 Ra7 37. Nf3 Ra3 38. Ng5 Nfxg5 39. hxg5 Qf8 40. Qb2+ 1-0

[Event "London Classic FIDE Open"]
[Site "London ENG"]
[Date "2011.12.03"]
[Round "1"]
[White "Rendboe, John"]
[Black "Nelson, Omowale"]
[Result "1/2-1/2"]
[WhiteTitle "FM"]
[WhiteElo "2242"]
[BlackElo "2070"]
[WhiteFideId "1403664"]
[BlackFideId "7400209"]
[EventDate "2011.12.03"]

1. d4 d5 2. c4 dxc4 3. Nf3 Nf6 4. e3 Bg4 5. Bxc4 e6 6. O-O a6 7. Nc3 Nc6 8. a3
Bd6 9. b4 O-O 10. h3 Bh5 11. Bb2 e5 12. dxe5 Nxe5 13. Be2 Qe7 14. Nd5 Nxd5 15.
Qxd5 c6 16. Qd4 Rad8 17. Nxe5 Bxe5 18. Qxe5 Qxe5 19. Bxe5 Bxe2 20. Rfe1 Rd2 21.
Bd4 f5 22. Rac1 Rd8 23. Rc5 g6 24. a4 Kf7 25. a5 Ke6 26. Re5+ Kf7 27. Rc1 Rd1+
28. Rxd1 Bxd1 29. Kh2 Rd5 30. Rxd5 cxd5 31. Kg3 h5 32. Kf4 Ke6 33. Kg5 Kf7 34.
Kf4 Ke6 1/2-1/2

[Event "London Classic FIDE Open"]
[Site "London ENG"]
[Date "2011.12.03"]
[Round "1"]
[White "Bala kannamma.P"]
[Black "Eames, Robert S"]
[Result "0-1"]
[BlackTitle "FM"]
[WhiteElo "1927"]
[BlackElo "2241"]
[WhiteFideId "5081432"]
[BlackFideId "408743"]
[EventDate "2011.12.03"]

1. e4 c5 2. Nf3 d6 3. d4 cxd4 4. Nxd4 Nf6 5. Nc3 a6 6. Bc4 e6 7. Bb3 b5 8. f3
Nbd7 9. Be3 Nc5 10. Qd2 Bb7 11. g4 Qc7 12. h4 O-O-O 13. a4 b4 14. Nce2 e5 15.
Nf5 d5 16. exd5 Nxd5 17. Bxc5 Bxc5 18. Qg5 g6 19. Bxd5 Bxd5 20. Nfg3 Bxf3 21.
Rf1 Bg2 22. Qf6 Bxf1 23. Qxa6+ Kb8 24. Kxf1 f5 25. gxf5 gxf5 26. c3 Qb7 27.
Qxb7+ Kxb7 28. cxb4 Bxb4 29. Nxf5 Rhf8 30. Ng3 Rxf5+ 31. Nxf5 Rf8 32. Ke2 Rxf5
33. Rd1 Kc6 34. Ke3 Rf4 35. Rh1 Bc5+ 36. Kd3 Rxa4 37. h5 e4+ 38. Kc3 Bd4+ 39.
Kb3 Kb5 40. Kc2 Rc4+ 41. Kd2 Rb4 42. Rb1 Kc4 43. Rc1+ Kd5 44. Rc7 e3+ 45. Ke1
Rxb2 46. Rd7+ Ke4 47. Re7+ Kd3 48. Kf1 Rf2+ 0-1

[Event "London Classic FIDE Open"]
[Site "London ENG"]
[Date "2011.12.03"]
[Round "1"]
[White "Stone, Andrew M"]
[Black "Srija, Seshadri"]
[Result "1-0"]
[BlackTitle "WFM"]
[WhiteElo "2234"]
[BlackElo "1926"]
[WhiteFideId "404985"]
[BlackFideId "5055903"]
[EventDate "2011.12.03"]

1. c4 e6 2. g3 d5 3. Bg2 Nf6 4. Nf3 c5 5. O-O Nc6 6. b3 Be7 7. Bb2 d4 8. e3 O-O
9. exd4 cxd4 10. d3 e5 11. Re1 Bd6 12. a3 a5 13. Qc2 Re8 14. Nbd2 h6 15. Rac1
Bf5 16. Ne4 Rc8 17. Nxd6 Qxd6 18. Nd2 Qd7 19. c5 Bh3 20. Bh1 Qg4 21. Nc4 Rc7 22.
Qd2 Rce7 23. Nd6 Rb8 24. b4 axb4 25. axb4 Qh5 26. b5 Nd8 27. Bxd4 exd4 28. Rxe7
Be6 29. c6 bxc6 30. bxc6 Nxc6 31. Bxc6 Nd5 32. Qe1 Nxe7 33. Bg2 Nd5 34. Ne4 Rb2
35. Nc5 Nc3 36. Nxe6 Re2 37. Nxd4 Rxe1+ 38. Rxe1 g6 39. h4 Qc5 40. Nc6 Kf8 41.
d4 Qc4 42. Kh2 Qa2 43. Re3 Nd1 44. Rf3 Kg7 45. Ne5 f6 46. Nd3 Qc4 47. Nf4 f5 48.
d5 g5 49. hxg5 hxg5 50. Nh3 g4 51. Rf4 Qd3 52. Ng5 Kg6 53. Ne6 Qd2 54. Rd4 Qh6+
55. Kg1 Nc3 56. Nf4+ Kf7 57. d6 Qf6 58. Rd3 Ke8 59. Bc6+ Kd8 60. Rxc3 Kc8 61.
d7+ Kd8 62. Bb5 Qxc3 63. Ne6+ Ke7 64. d8=Q+ Kxe6 65. Bc4+ Qxc4 66. Qg8+ Kf6 67.
Qxc4 Kg5 68. Qf4+ Kg6 69. Kf1 Kf6 70. Ke2 1-0

[Event "London Classic FIDE Open"]
[Site "London ENG"]
[Date "2011.12.03"]
[Round "1"]
[White "De Lagontrie, Jean"]
[Black "Ledger, Dave J"]
[Result "0-1"]
[BlackTitle "FM"]
[WhiteElo "1912"]
[BlackElo "2228"]
[WhiteFideId "605271"]
[BlackFideId "401986"]
[EventDate "2011.12.03"]

1. d4 Nf6 2. c4 g6 3. Nc3 Bg7 4. e4 d6 5. f4 O-O 6. Nf3 c5 7. d5 e6 8. Be2 exd5
9. cxd5 Bg4 10. O-O Nbd7 11. Re1 Re8 12. h3 Bxf3 13. Bxf3 Qa5 14. Kh1 b5 15. e5
dxe5 16. d6 e4 17. Nxe4 Nxe4 18. Bxe4 Rad8 19. Bd2 Qb6 20. Bc3 Bxc3 21. bxc3 Nf6
22. Bf3 Rxe1+ 23. Qxe1 Rxd6 24. f5 Rd3 25. fxg6 hxg6 26. Rd1 Qe6 27. Qxe6 Rxd1+
28. Bxd1 fxe6 29. a4 bxa4 30. Bxa4 Nd5 31. c4 Nc3 32. Bc2 Kf7 33. Kg1 a5 34. Kf1
a4 0-1

[Event "London Classic FIDE Open"]
[Site "London ENG"]
[Date "2011.12.03"]
[Round "1"]
[White "Anderton, Matthew N"]
[Black "Herda, Christoph"]
[Result "1/2-1/2"]
[WhiteElo "2227"]
[BlackElo "1908"]
[WhiteFideId "403237"]
[BlackFideId "24623369"]
[EventDate "2011.12.03"]

1. e4 d5 2. exd5 Qxd5 3. Nc3 Qa5 4. d4 Nf6 5. Bc4 Bf5 6. Nf3 c6 7. Bd2 e6 8. Ne4
Qd8 9. Ng3 Bg6 10. c3 Nbd7 11. Nh4 Be4 12. Qe2 Bg6 13. Nxg6 hxg6 1/2-1/2

[Event "London Classic FIDE Open"]
[Site "London ENG"]
[Date "2011.12.03"]
[Round "1"]
[White "Chidi, Lovinia Sylvia"]
[Black "Knecht, Guntram"]
[Result "1-0"]
[WhiteElo "1815"]
[BlackElo "2123"]
[WhiteFideId "1270574"]
[BlackFideId "1609831"]
[EventDate "2011.12.03"]

1. e4 c5 2. Nf3 e6 3. d3 Nc6 4. c3 a6 5. g3 d6 6. Bg2 Nf6 7. O-O Be7 8. Re1 Qc7
9. Nbd2 O-O 10. Nf1 Bd7 11. d4 cxd4 12. cxd4 Rac8 13. Bd2 d5 14. exd5 Nxd5 15.
Ne3 Bf6 16. Nxd5 exd5 17. Bc3 b5 18. Ne5 b4 19. Bd2 Nxd4 20. Rc1 Qb7 21. Nxd7
Qxd7 22. Bxb4 Rxc1 23. Qxc1 Rc8 24. Qd1 Nc2 25. Bh3 Qxh3 26. Qxc2 h5 27. Qe2 h4
28. Qf3 hxg3 29. hxg3 d4 30. Bd2 Rd8 31. b3 d3 32. Rd1 Qd7 33. Kg2 Qd4 34. Ba5
Rd5 35. Bc3 Qxc3 36. Qxd5 Qc2 37. Qa8+ Kh7 38. Rh1+ Kg6 39. Qe4+ Kg5 40. Qd5+ 1-0

[Event "London Classic FIDE Open"]
[Site "London ENG"]
[Date "2011.12.03"]
[Round "1"]
[White "Britton, Richard L"]
[Black "Kane, Robert"]
[Result "1-0"]
[WhiteTitle "FM"]
[WhiteElo "2219"]
[BlackElo "1888"]
[WhiteFideId "401692"]
[BlackFideId "420468"]
[EventDate "2011.12.03"]

1. e4 c6 2. d3 d5 3. Nd2 e5 4. Ngf3 Bd6 5. g3 Nf6 6. Bg2 O-O 7. O-O Qc7 8. Re1
Be6 9. h3 h6 10. Nh4 Nbd7 11. Qf3 a5 12. Nf1 dxe4 13. dxe4 Bb4 14. c3 Be7 15.
Ne3 g6 16. Ng4 Nxg4 17. hxg4 Bg5 18. Bf1 b5 19. Bxg5 hxg5 20. Nf5 gxf5 21. gxf5
Nf6 22. fxe6 fxe6 23. Qe3 Qg7 24. Be2 Ra7 25. Rad1 Raf7 26. Rd6 Ne8 27. Rxe6
Rxf2 28. Rxe8 Rxe2 29. Rxf8+ 1-0

[Event "London Classic FIDE Open"]
[Site "London ENG"]
[Date "2011.12.03"]
[Round "1"]
[White "Caorlin, Marco"]
[Black "White, Michael J R"]
[Result "0-1"]
[BlackTitle "FM"]
[WhiteElo "1884"]
[BlackElo "2214"]
[WhiteFideId "1317849"]
[BlackFideId "407380"]
[EventDate "2011.12.03"]

1. e4 c5 2. Nc3 Nc6 3. Nf3 Nf6 4. Bb5 g6 5. e5 Ng4 6. Bxc6 dxc6 7. h3 Nh6 8. O-O
Nf5 9. Re1 Bg7 10. d3 O-O 11. Bf4 Nd4 12. Ne4 Qb6 13. Rb1 Be6 14. b4 cxb4 15. c3
Nxf3+ 16. Qxf3 a5 17. Be3 Qc7 18. cxb4 axb4 19. Rxb4 Rxa2 20. Ng5 Bd5 21. Qg4
Bxe5 22. Qh4 h5 23. Bf4 Bxf4 24. Rxf4 f6 25. Ne4 Kg7 26. Rf3 Qe5 27. Rfe3 Ra1
28. Rxa1 Qxa1+ 29. Kh2 e6 30. Nc5 e5 31. Nxb7 Qa3 32. Qg3 Kf7 33. d4 Qb4 0-1

[Event "London Classic FIDE Open"]
[Site "London ENG"]
[Date "2011.12.03"]
[Round "1"]
[White "Thingstad, Even"]
[Black "McCarthy, Damian"]
[Result "1-0"]
[WhiteElo "2213"]
[BlackElo "1882"]
[WhiteFideId "1506439"]
[BlackFideId "422240"]
[EventDate "2011.12.03"]

1. d4 Nf6 2. c4 e6 3. Nc3 Bb4 4. Qc2 Nc6 5. Nf3 O-O 6. a3 Bxc3+ 7. Qxc3 d6 8. g3
Qe7 9. Bg2 e5 10. d5 Nb8 11. O-O Ne4 12. Qc2 f5 13. Nd2 Nf6 14. e3 a5 15. b3 Na6
16. Bb2 Bd7 17. Rae1 c6 18. dxc6 bxc6 19. e4 f4 20. gxf4 Nh5 21. f5 Nf4 22. Kh1
Qh4 23. Re3 Rf6 24. Rg3 g6 25. Nf3 Qh6 26. Qd2 Nc5 27. Nxe5 dxe5 28. Bxe5 1-0

[Event "London Classic FIDE Open"]
[Site "London ENG"]
[Date "2011.12.03"]
[Round "1"]
[White "Marchant, Geoffrey"]
[Black "Surendran, N."]
[Result "0-1"]
[WhiteElo "1880"]
[BlackElo "2207"]
[WhiteFideId "470759"]
[BlackFideId "5021243"]
[EventDate "2011.12.03"]

1. e4 c5 2. Nf3 d6 3. d4 cxd4 4. Nxd4 Nf6 5. Nc3 a6 6. Bg5 Nbd7 7. f4 h6 8. Bxf6
Nxf6 9. e5 dxe5 10. fxe5 Ng4 11. e6 Bxe6 12. Nxe6 Qxd1+ 13. Rxd1 fxe6 14. Be2
Ne5 15. Ne4 Rc8 16. c3 g6 17. b4 Bg7 18. Nc5 Rxc5 19. bxc5 Nd7 20. c6 Bxc3+ 21.
Kf2 bxc6 22. Bxa6 O-O+ 23. Ke3 Nf6 24. Kd3 Nd5 25. Bc4 Bf6 26. Bxd5 exd5 27. Rc1
Ra8 28. Rxc6 Ra3+ 29. Ke2 Rxa2+ 30. Kf3 Ra3+ 31. Ke2 Ra2+ 32. Kf3 Kf7 33. Rd1
Ra5 34. Rb1 Ra3+ 35. Ke2 h5 36. Rb5 Ra2+ 37. Kf3 Ra3+ 38. Ke2 Ra2+ 39. Kf3 Rd2
40. h3 h4 41. Rb7 Bd4 42. g3 Rd3+ 43. Kg4 hxg3 44. Rc2 Be5 45. Re2 Bd6 46. Rd7
Kf6 47. Rd8 Kf7 48. h4 Rd1 49. Rxd6 exd6 50. Kxg3 Rf1 51. Kg4 Rf5 52. Re1 Kf6
53. Re8 d4 54. Re1 d3 55. Rd1 Rd5 56. Kf4 d2 57. Ke4 Ke6 58. Ke3 Ke5 59. Kf3
Rd3+ 60. Kg4 Kd4 0-1

[Event "London Classic FIDE Open"]
[Site "London ENG"]
[Date "2011.12.03"]
[Round "1"]
[White "Gant, Chris J"]
[Black "Jakobsen, Alf Gjoran"]
[Result "1/2-1/2"]
[WhiteTitle "FM"]
[WhiteElo "2194"]
[BlackElo "1861"]
[WhiteFideId "403946"]
[BlackFideId "1508008"]
[EventDate "2011.12.03"]

1. Nf3 Nf6 2. d4 e6 3. g3 d5 4. c4 dxc4 5. Bg2 Bb4+ 6. Bd2 Bxd2+ 7. Nbxd2 Nc6 8.
Nxc4 O-O 9. O-O Qe7 10. a3 Rd8 11. e3 a6 12. Qc2 Rb8 13. Rac1 Bd7 14. Rfd1 Be8
15. b4 Nd5 16. e4 Nb6 17. Nxb6 cxb6 18. d5 exd5 19. exd5 Ne5 20. Qc7 Nxf3+ 21.
Bxf3 Qd6 22. Qxd6 Rxd6 23. Rc7 Rd7 24. Rdc1 Kf8 25. Rxd7 Bxd7 26. d6 Rc8 27.
Rxc8+ Bxc8 28. d7 Bxd7 1/2-1/2

[Event "London Classic FIDE Open"]
[Site "London ENG"]
[Date "2011.12.03"]
[Round "1"]
[White "O'Toole, George E"]
[Black "Wright, Jonathan ENG"]
[Result "1-0"]
[WhiteElo "2189"]
[BlackElo "1846"]
[WhiteFideId "412732"]
[BlackFideId "418331"]
[EventDate "2011.12.03"]

1. e4 d5 2. exd5 Nf6 3. d4 Nxd5 4. Nf3 g6 5. c4 Nf6 6. Nc3 Bg7 7. Be3 O-O 8. h3
c6 9. Be2 Nbd7 10. O-O Nb6 11. Rc1 Bf5 12. Ne5 Nfd7 13. Nxd7 Bxd7 14. c5 Nd5 15.
Qb3 Bc8 16. Nxd5 Qxd5 17. Bc4 Qf5 18. d5 Qe5 19. Rc2 Qc7 20. Rd1 cxd5 21. Bxd5
Rb8 22. Qc4 Bf5 23. Rcd2 b5 24. Qc1 h5 25. b4 Rfd8 26. Bf3 Rxd2 27. Qxd2 Kh7 28.
a3 Be5 29. Qe2 Be6 30. Bd4 Bh2+ 31. Kh1 Bc4 32. Qe4 e5 33. Be3 f5 34. Qc6 1-0

[Event "London Classic FIDE Open"]
[Site "London ENG"]
[Date "2011.12.03"]
[Round "1"]
[White "Ethelontis, Alexandros N"]
[Black "Aryan, Chopra"]
[Result "1-0"]
[WhiteElo "2186"]
[BlackElo "1836"]
[WhiteFideId "405469"]
[BlackFideId "5084423"]
[EventDate "2011.12.03"]

1. c4 e6 2. g3 d5 3. Bg2 Nf6 4. Nf3 Be7 5. O-O O-O 6. d4 b6 7. Nc3 Bb7 8. Ne5
Nbd7 9. Bf4 Nxe5 10. dxe5 Ne4 11. Nxe4 dxe4 12. Qc2 Bc5 13. Bxe4 Bxe4 14. Qxe4
Qe7 15. Bd2 Rad8 16. Bc3 Bb4 17. Bd4 h6 18. Rad1 Bc5 19. e3 a5 20. Rd3 Bxd4 21.
exd4 Qb4 22. b3 c5 23. Rfd1 a4 24. Qe3 axb3 25. axb3 cxd4 26. Rxd4 Rxd4 27. Rxd4
Qc5 28. Rd6 Qxe3 29. fxe3 Rb8 30. Kf2 Kf8 31. Rc6 Rb7 32. b4 Ke7 33. Ke2 Kd7 34.
b5 Kd8 35. Kd3 Rd7+ 36. Kc3 Rb7 37. e4 h5 38. Kd4 Kd7 39. h4 f6 40. exf6 gxf6
41. e5 Ke7 42. Ke4 Kf7 43. Kf4 Rd7 44. exf6 Kxf6 45. Ke4 Rb7 46. c5 bxc5 47.
Rxc5 Rg7 48. Rg5 Rh7 49. b6 Rb7 50. Rb5 Kf7 51. Ke5 Ke7 52. Rb3 1-0

[Event "London Classic FIDE Open"]
[Site "London ENG"]
[Date "2011.12.03"]
[Round "1"]
[White "Wigbout, Rod"]
[Black "Harari, Zaki"]
[Result "0-1"]
[WhiteElo "1827"]
[BlackElo "2180"]
[WhiteFideId "419850"]
[BlackFideId "2002639"]
[EventDate "2011.12.03"]

1. d4 d5 2. c4 e6 3. Nc3 Be7 4. cxd5 exd5 5. Bf4 Nf6 6. h3 c6 7. e3 Nbd7 8. Bd3
Nf8 9. Nf3 Ne6 10. Bh2 Bd6 11. Bxd6 Qxd6 12. Rc1 O-O 13. O-O Re8 14. a3 Nf8 15.
b4 Ne4 16. Qc2 Nxc3 17. Qxc3 a6 18. a4 Bd7 19. Qc5 Qh6 20. Ne5 Be6 21. b5 axb5
22. axb5 f6 23. Nf3 Bd7 24. bxc6 bxc6 25. Ra1 Qh5 26. Nd2 Qg5 27. Kh2 f5 28. Nf3
Qf6 29. Ne5 Rxa1 30. Rxa1 Rxe5 0-1

[Event "London Classic FIDE Open"]
[Site "London ENG"]
[Date "2011.12.03"]
[Round "1"]
[White "Maduekwe, Chiedu"]
[Black "Veznik, Michael"]
[Result "1-0"]
[WhiteElo "2180"]
[BlackElo "1821"]
[WhiteFideId "8500118"]
[BlackFideId "360287"]
[EventDate "2011.12.03"]

1. d4 d5 2. c4 e6 3. Nc3 f5 4. Nf3 Nf6 5. g3 Be7 6. Bg2 O-O 7. O-O c6 8. b3 Nbd7
9. Bb2 Ne4 10. Qc2 Bf6 11. Rfd1 Qe7 12. e3 g5 13. Ne5 Qg7 14. Ba3 Re8 15. f4
Nxe5 16. fxe5 Be7 17. Bxe7 Rxe7 18. Nxe4 dxe4 19. Qb2 Bd7 20. b4 b5 21. cxb5
cxb5 22. Rac1 Be8 23. Rc5 Rc7 24. Rdc1 Rac8 25. Qb3 Rxc5 26. Qxe6+ Bf7 27. Qxc8+
Rxc8 28. Rxc8+ Qf8 29. Rxf8+ Kxf8 30. g4 Bxa2 31. gxf5 Bd5 32. Kf2 h5 33. Bf1 a6
34. h3 Kg7 35. Be2 h4 36. Bg4 Kf7 37. f6 Bb7 38. Bf5 Bd5 39. Bc8 a5 40. bxa5 b4
41. Ke2 b3 42. Kd2 Be6 43. Bb7 Bxh3 44. a6 Bg2 45. a7 h3 46. a8=Q h2 47. Qe8+ 1-0

[Event "London Classic FIDE Open"]
[Site "London ENG"]
[Date "2011.12.03"]
[Round "1"]
[White "Spivack, Simon S Y"]
[Black "Clayton, Tristan"]
[Result "1-0"]
[WhiteElo "2175"]
[BlackElo "1812"]
[WhiteFideId "404780"]
[BlackFideId "416533"]
[EventDate "2011.12.03"]

1. Nf3 f5 2. e4 d6 3. exf5 Bxf5 4. Nh4 Be6 5. Qh5+ Bf7 6. Qb5+ Nd7 7. Qxb7 Rb8
8. Qxa7 e5 9. Nf3 Be7 10. Nc3 c6 11. Qe3 Nh6 12. d3 O-O 13. Be2 d5 14. Nxe5 Nxe5
15. Qxe5 Bf6 16. Qf4 Bg6 17. Qd2 Qb6 18. O-O Bd4 19. Nd1 Rbe8 20. c3 Bf6 21. d4
Qc7 22. Ne3 Qe7 23. Bd3 Be4 24. Bxe4 Qxe4 25. Qc2 Qh4 26. Bd2 Bd8 27. Rae1 Bc7
28. g3 Qh3 29. f3 Re6 30. Bc1 Rg6 31. Qg2 Qh5 32. Ng4 Nf5 33. a4 Nh4 34. gxh4
Qxh4 35. Re2 h5 36. h3 hxg4 37. fxg4 Rgf6 38. Rxf6 Qxf6 39. Rf2 Qe7 40. Rxf8+
Kxf8 41. Bd2 Kg8 42. b4 Qf6 43. a5 Qg6 44. Qe2 Qd6 45. Kf1 Qg3 46. Qe3 Qh2 47.
Qe2 Qxh3+ 48. Kg1 Qg3+ 49. Qg2 Qd3 50. Be1 Qd1 51. Kf1 Qd3+ 52. Qe2 Qh3+ 53. Kg1
Kf8 54. Qf1+ 1-0

[Event "London Classic FIDE Open"]
[Site "London ENG"]
[Date "2011.12.03"]
[Round "1"]
[White "Staneland, Peter E"]
[Black "Josse, Mark"]
[Result "0-1"]
[WhiteElo "1812"]
[BlackElo "2162"]
[WhiteFideId "416576"]
[BlackFideId "414476"]
[EventDate "2011.12.03"]

1. Nf3 Nf6 2. c4 g6 3. Nc3 Bg7 4. d4 O-O 5. e3 c5 6. Be2 cxd4 7. exd4 d5 8. O-O
Nc6 9. Bf4 dxc4 10. Bxc4 a6 11. h3 b5 12. Bb3 Bb7 13. Re1 Na5 14. Bc2 e6 15. Bg5
Qb6 16. Qe2 Rac8 17. Rad1 Nc4 18. Ne5 Nxb2 19. Bxf6 Nxd1 20. Nxd1 Bxf6 21. Nd7
Qxd4 22. Nxf8 Kxf8 23. Ne3 Qc5 24. Bd3 Bg7 25. Rb1 Qc6 26. Qg4 Kg8 27. Be2 Qe4
28. Rd1 Qxg4 29. Bxg4 Bb2 30. Rd7 Rc1+ 31. Bd1 Bd5 32. Kh2 Be5+ 33. g3 Bc6 34.
Rd8+ Kg7 35. Rc8 Bb2 36. h4 h5 37. Rc7 Kf6 38. g4 Be5+ 0-1

[Event "London Classic FIDE Open"]
[Site "London ENG"]
[Date "2011.12.03"]
[Round "1"]
[White "Gisbert Mir, Alejandro"]
[Black "Williamson, Roger G"]
[Result "0-1"]
[WhiteElo "1793"]
[BlackElo "2157"]
[WhiteFideId "22253653"]
[BlackFideId "414620"]
[EventDate "2011.12.03"]

1. d4 d5 2. c4 c6 3. Nf3 dxc4 4. a4 Nf6 5. Nc3 Bf5 6. e3 e6 7. Bxc4 Bb4 8. O-O
O-O 9. Qe2 Bg6 10. Ne5 Nbd7 11. Nxg6 hxg6 12. e4 e5 13. d5 Qe7 14. dxc6 bxc6 15.
Bg5 a5 16. Rfd1 Bc5 17. Rac1 Bd4 18. b3 Nc5 19. Qf3 Rfd8 20. Bxf6 Qxf6 21. Kf1
Rab8 22. Qxf6 gxf6 0-1

[Event "London Classic FIDE Open"]
[Site "London ENG"]
[Date "2011.12.03"]
[Round "1"]
[White "Gavriel, Tryfon C"]
[Black "Bishop, Geoffrey L"]
[Result "1-0"]
[WhiteTitle "CM"]
[WhiteElo "2156"]
[BlackElo "1791"]
[WhiteFideId "403105"]
[BlackFideId "417491"]
[EventDate "2011.12.03"]

1. e4 c5 2. d4 cxd4 3. c3 d5 4. exd5 Qxd5 5. cxd4 Nc6 6. Nf3 Bg4 7. Be2 Nf6 8.
Nc3 Qa5 9. h3 Bf5 10. O-O e6 11. Bf4 Nd5 12. Nxd5 Qxd5 13. Rc1 Be7 14. Bc4 Qa5
15. Qb3 Qb6 16. d5 exd5 17. Bxd5 Qxb3 18. axb3 Nd8 19. Nd4 Be6 20. Bxe6 Nxe6 21.
Nxe6 fxe6 22. Rc7 Bf6 23. Bd6 Rd8 24. Ba3 Rd7 25. Rfc1 Be5 26. Rc8+ Rd8 27.
Rxd8+ Kxd8 28. Re1 Bf6 29. Rxe6 Re8 30. Rd6+ Kc7 31. Rd1 Rd8 32. Rc1+ Kb6 33.
Kf1 Rd3 34. Bc5+ Kb5 35. Bxa7 Rxb3 36. Be3 Rxb2 37. Rc7 Ka4 38. g4 h6 39. h4 b5
40. Ra7+ Kb3 41. g5 hxg5 42. hxg5 Bc3 43. g6 b4 44. Bc5 Kc2 45. Bf8 Rb1+ 46. Kg2
Ra1 47. Rc7 Kb2 48. Bxg7 Bxg7 49. Rxg7 Ra6 50. f4 b3 51. f5 Ka1 52. Rb7 b2 53.
g7 Ra8 54. f6 b1=Q 55. Rxb1+ Kxb1 56. f7 1-0

[Event "London Classic FIDE Open"]
[Site "London ENG"]
[Date "2011.12.03"]
[Round "1"]
[White "Yeo, Michael J"]
[Black "Burnham, Frank D"]
[Result "1-0"]
[WhiteElo "2152"]
[BlackElo "1788"]
[WhiteFideId "402257"]
[BlackFideId "419516"]
[EventDate "2011.12.03"]

1. e4 a6 2. d4 b5 3. Bd3 Bb7 4. Nf3 e6 5. O-O c5 6. c3 Nf6 7. Nbd2 Be7 8. dxc5
Bxc5 9. e5 Nd5 10. Ne4 Be7 11. Bg5 f6 12. exf6 Nxf6 13. Bxf6 gxf6 14. Re1 d5 15.
Ng3 Qb6 16. Nd4 e5 17. Qh5+ Kd8 18. Qg4 exd4 19. Rxe7 Kxe7 20. Qg7+ Kd8 21.
Qxh8+ Kc7 22. Qxh7+ Nd7 23. cxd4 Qxd4 24. Rc1+ Bc6 25. Nf5 Qxd3 26. Rxc6+ Kxc6
27. Ne7+ Kd6 28. Qxd3 Kxe7 29. Qxd5 Rc8 30. h4 Rc1+ 31. Kh2 Rc2 32. Qe4+ 1-0

[Event "London Classic FIDE Open"]
[Site "London ENG"]
[Date "2011.12.03"]
[Round "1"]
[White "Kouchak, Jason"]
[Black "Tavoularis, Nicholas"]
[Result "0-1"]
[WhiteElo "1776"]
[BlackElo "2143"]
[WhiteFideId "26011379"]
[BlackFideId "4205596"]
[EventDate "2011.12.03"]

1. d4 f5 2. Nf3 Nf6 3. Bf4 d6 4. Nbd2 g6 5. c3 Bg7 6. e3 O-O 7. h4 Qe8 8. Bd3
Nc6 9. Qc2 Kh8 10. Bg5 Nh5 11. d5 Ne5 12. Nxe5 dxe5 13. O-O-O e6 14. dxe6 Bxe6
15. Bc4 Bxc4 16. Nxc4 Qe6 17. Qe2 h6 18. Rh3 hxg5 19. hxg5 Kg8 20. Rdh1 Rfd8 21.
f3 f4 22. exf4 Nxf4 23. Qe4 Nxh3 24. Rxh3 Qd5 25. Qe2 Qd3 0-1

[Event "London Classic FIDE Open"]
[Site "London ENG"]
[Date "2011.12.03"]
[Round "1"]
[White "Nandhidhaa, PV"]
[Black "Turner, David J"]
[Result "1-0"]
[WhiteElo "2139"]
[BlackElo "1775"]
[WhiteFideId "5050847"]
[BlackFideId "419737"]
[EventDate "2011.12.03"]

1. e4 d6 2. d4 Nf6 3. Nc3 g6 4. Nf3 Bg7 5. Bf4 Bg4 6. h3 Bxf3 7. Qxf3 c6 8.
O-O-O Qa5 9. Kb1 Nbd7 10. g4 Rc8 11. Bg2 e5 12. dxe5 dxe5 13. Bg5 b5 14. Rd6 b4
15. Ne2 Ke7 16. Rxd7+ Kxd7 17. Bxf6 Bxf6 18. Qxf6 Rhf8 19. Nc1 c5 20. Rd1+ Kc7
21. Qxe5+ 1-0

[Event "London Classic FIDE Open"]
[Site "London ENG"]
[Date "2011.12.03"]
[Round "1"]
[White "Zymberi, Astrit"]
[Black "York-Andersen, Anna"]
[Result "1-0"]
[WhiteElo "2138"]
[BlackElo "1755"]
[WhiteFideId "4700295"]
[BlackFideId "416789"]
[EventDate "2011.12.03"]

1. d4 Nf6 2. c4 g6 3. Nc3 d5 4. cxd5 Nxd5 5. Bd2 Bg7 6. Nf3 O-O 7. Rc1 c6 8. Bg5
Be6 9. Qd2 Nd7 10. e3 N7f6 11. Bd3 Nb4 12. Bb1 Nbd5 13. e4 Nxc3 14. bxc3 Qc7 15.
O-O Rad8 16. h3 Bc4 17. Rfe1 c5 18. e5 Ne8 19. Qe3 f6 20. Bf4 Qa5 21. Bh6 Qc7
22. Nd2 Bd5 23. exf6 exf6 24. Bxg7 Kxg7 25. dxc5 Rc8 26. c4 Bc6 27. Be4 Rf7 28.
Bd5 Rf8 29. Nb3 Rd8 30. Nd4 Bd7 31. Qe7+ 1-0

[Event "London Classic FIDE Open"]
[Site "London ENG"]
[Date "2011.12.03"]
[Round "1"]
[White "Pedersen, Carsten"]
[Black "Opasiak, Dustin Tennessee"]
[Result "1-0"]
[WhiteElo "2133"]
[BlackElo "1737"]
[WhiteFideId "1409760"]
[BlackFideId "24630217"]
[EventDate "2011.12.03"]

1. e4 e5 2. Nf3 Nc6 3. Bc4 Bc5 4. O-O Nf6 5. d4 Bxd4 6. Nxd4 exd4 7. e5 Ne4 8.
Qg4 d5 9. Qxg7 Rf8 10. Bh6 Qe7 11. Bxd5 Bf5 12. Qxf8+ Qxf8 13. Bxf8 Kxf8 14. g4
Bg6 15. f4 f5 16. Re1 Nc5 17. Bxc6 bxc6 18. g5 Ne6 19. Rf1 Rb8 20. b3 Bh5 21.
Nd2 c5 22. Kg2 Be2 23. Rf2 Bb5 24. Kg3 Kf7 25. Nf3 Bc6 26. Ne1 a5 27. Nd3 a4 28.
Nb2 Kg6 29. Nxa4 Bxa4 30. bxa4 Rb4 31. a5 Ra4 32. a6 Rxa6 33. a4 c4 34. Rd2 c3
35. Rdd1 c5 36. Rdb1 Nc7 37. a5 Nd5 38. Rb5 Rc6 39. a6 Nc7 40. a7 1-0